| 000 | 00976cam a22002295a 4500 | ||
|---|---|---|---|
| 001 | L140133 | ||
| 008 | 070905s2007 xxk df 000 0 eng d | ||
| 020 | _a9781848060067 | ||
| 035 | _a(Sirsi) u140133 | ||
| 041 | 0 | _aeng | |
| 050 | 0 | 4 | _a693.54 $2 18 |
| 100 | 1 | _aMatthews, Stuart | |
| 245 | 0 | 0 | _aPerformance-based intervention for durable concrete repairs |
| 260 |
_aGarston _bIHS BRE _c2007 |
||
| 300 |
_a8p. _c30cm. |
||
| 490 | 0 |
_aBRE Information Paper _vIP 9/07 |
|
| 520 | _aOutlines the concept of performance-based intervention for durable concrete repairs and summarises a key output from CONREPNET (a thematic network on the performance-based remediation of reinforced concrete). Relevant to owners and managers of concrete structures and those responsible for maintaining and repairing them. | ||
| 590 | _aKA | ||
| 651 | 4 |
_aUnited Kingdom _y |
|
| 690 | _aBUILT ENVIRONMENT-BUILDING MATERIALS-CEMENTITIOUS, CONCRETE AND MINERAL BOUND MATERIALS | ||
| 942 | _n0 | ||
| 999 |
_c107433 _d107433 |
||